Arthur Hailey's The Moneychangers ... Read More
Available copies
- 1 of 1 copy available at LARL/NWRL Consortium. (Show)
- 1 of 1 copy available at Lake Agassiz Regional Library.
Current holds
0 current holds with 1 total copy.
Show Only Available Copies
| Location | Call Number / Copy Notes | Barcode | Shelving Location | Status | Due Date |
|---|---|---|---|---|---|
| Detroit Lakes Public Library | DVD MON (Text) | 33500011857331 | Main | Available | - |
Record details
- Physical Description: 2 videodiscs (320 min.) : sound, color ; 4 3/4 in.
- Publisher: Place of publication not identified : Publisher not identified, 2014?
Content descriptions
| Participant or Performer Note: | Kirk Douglas, Christopher Plummer, Timothy ... Read More |
| Date/Time and Place of an Event Note: | Originally broadcast by NBC in 1976. |
| Summary, etc.: | The adaptation of Arthur Hailey's bestselling book ... Read More |
| System Details Note: | DVD, fullscreen. |
Search for related items by subject
| Subject: | Banks and banking > Corrupt practices > Drama. |
| Genre: | Television mini-series. Television adaptations. Fiction television programs. |
| LDR | 02796cgm a2200625Ki 4500 | ||
|---|---|---|---|
| 001 | 165789 | ||
| 003 | LARL_NWRL_CONSORTIUM | ||
| 005 | 20140529113727.0 | ||
| 007 | vd cvaizu | ||
| 008 | 140407p20141976xx 320 vleng d | ||
| 024 | 1 | 0. | ‡a097368004047 |
| 028 | 4 | 2. | ‡a800404 ‡bParamount |
| 033 | 0 | 1. | ‡a1976---- ‡b3700 |
| 035 | . | ‡a(OCoLC)875924169 | |
| 037 | . | ‡bMidwest Tape ‡nhttp://www.midwesttapes.com | |
| 040 | . | ‡aTEFMT ‡beng ‡erda ‡cTEFMT ‡dTEF ‡dGK8 | |
| 050 | 4. | ‡aPN199.77 ‡b.A78 2014 | |
| 082 | 0 | 4. | ‡a791.45/72 ‡223 |
| 245 | 0 | 0. | ‡aArthur Hailey's The Moneychangers ‡h[DVD/videorecording] / ‡cParamount Television ; Ross Hunter Productions Inc. ; written by Dean Riesner and Stanford Whitmore ; directed by Boris Sagal. |
| 246 | 3 | 0. | ‡aMoneychangers |
| 257 | . | ‡aUnited States. ‡2naf | |
| 260 | . | ‡aPlace of publication not identified : ‡bPublisher not identified, ‡c2014? | |
| 260 | . | ‡aUnited States : ‡bCBS DVD : ‡bParamount | |
| 300 | . | ‡a2 videodiscs (320 min.) : ‡bsound, color ; ‡c4 3/4 in. | |
| 336 | . | ‡atwo-dimensional moving image ‡btdi ‡2rdacontent | |
| 337 | . | ‡avideo ‡bv ‡2rdamedia | |
| 338 | . | ‡avideodisc ‡bvd ‡2rdacarrier | |
| 344 | . | ‡adigital ‡boptical ‡2rda | |
| 347 | . | ‡avideo file ‡bDVD video ‡2rda | |
| 538 | . | ‡aDVD, fullscreen. | |
| 511 | 1 | . | ‡aKirk Douglas, Christopher Plummer, Timothy Bottoms, Susan Flannery, Anne Baxter. |
| 518 | . | ‡aOriginally broadcast by NBC in 1976. | |
| 520 | . | ‡aThe adaptation of Arthur Hailey's bestselling book is a tale of power and greed in the banking business. Two ambitious vice presidents become rivals when an imminent board room vacancy arises. It is the story of how absolute power corrupts absolutely. | |
| 650 | 0. | ‡aBanks and banking ‡xCorrupt practices ‡vDrama. | |
| 655 | 7. | ‡aTelevision mini-series. ‡2lcgft ‡0(LARL_NWRL_CONSORTIUM)175781 | |
| 655 | 7. | ‡aTelevision adaptations. ‡2lcgft ‡0(LARL_NWRL_CONSORTIUM)175702 | |
| 655 | 7. | ‡aFiction television programs. ‡2lcgft ‡0(LARL_NWRL_CONSORTIUM)175627 | |
| 700 | 1 | . | ‡aDouglas, Kirk, ‡d1916- ‡eactor. ‡0(LARL_NWRL_CONSORTIUM)80629 |
| 700 | 1 | . | ‡aPlummer, Christopher, ‡eactor. ‡0(LARL_NWRL_CONSORTIUM)153245 |
| 700 | 1 | . | ‡aBottoms, Timothy, ‡d1949- ‡eactor. ‡0(LARL_NWRL_CONSORTIUM)138479 |
| 700 | 1 | . | ‡aFlannery, Susan, ‡d1939- ‡4act |
| 700 | 1 | . | ‡aBaxter, Anne. ‡4act ‡0(LARL_NWRL_CONSORTIUM)83607 |
| 700 | 1 | . | ‡aRiesner, Dean, ‡d1918-2002. ‡4aus ‡0(LARL_NWRL_CONSORTIUM)206790 |
| 700 | 1 | . | ‡aWhitmore, Stanford, ‡d1925- ‡4aus |
| 700 | 1 | . | ‡aSagal, Boris, ‡d1923-1981. ‡4drt ‡0(LARL_NWRL_CONSORTIUM)89184 |
| 700 | 1 | . | ‡iTelevision adaptation of (work): ‡aHailey, Arthur. ‡tMoneychangers. |
| 710 | 2 | . | ‡aCBS DVD (Firm), ‡efilm distributor. ‡0(LARL_NWRL_CONSORTIUM)207800 |
| 710 | 2 | . | ‡aParamount Television. ‡0(LARL_NWRL_CONSORTIUM)180429 |
| 710 | 2 | . | ‡aRoss Hunter Productions. |
| 948 | . | ‡hNO HOLDINGS IN LAL - 18 OTHER HOLDINGS | |
| 994 | . | ‡aZ0 ‡bLAL | |
| 901 | . | ‡a165789 ‡bOCLC ‡c165789 ‡tbiblio | |

Add to basket
Permalink
Disable Highlighting